El primer escrito cristiano: texto bilingüe de 1 Tesalonicenses con introducción y comentario
保存先:
| 第一著者: | |
|---|---|
| フォーマット: | 図書 |
| 言語: | スペイン語 |
| 出版事項: |
Salamanca
Sígueme
2006
|
| 版: | 1a. ed |
| シリーズ: | Biblioteca de Estudios Bíblicos Minor, 9
|
| 主題: | |
| タグ: |
タグ追加
タグなし, このレコードへの初めてのタグを付けませんか!
|
MARC
| LEADER | 00000cam a2200000 a 4500 | ||
|---|---|---|---|
| 001 | UCD2048 | ||
| 003 | CL-VaPUC | ||
| 008 | 160407e20060000sp |||||||||||||||||spa|d | ||
| 020 | |a 8430116141 | ||
| 082 | 0 | 4 | |a 227.81 |b VID |2 21 |
| 100 | 0 | |a Vidal García, Senén |e author |9 585305 | |
| 245 | 1 | 3 | |a El primer escrito cristiano: texto bilingüe de 1 Tesalonicenses con introducción y comentario |
| 250 | |a 1a. ed | ||
| 300 | |a 126 p | ||
| 942 | |c BK | ||
| 945 | |d 20160407 22:06:00 |a arojas | ||
| 260 | |a Salamanca |b Sígueme |c 2006 | ||
| 650 | 0 | |a Cristianismo |9 257361 | |
| 650 | 0 | |a Historia del cristianismo |9 473480 | |
| 650 | 7 | |a ESCRITOS BIBLICOS |2 CL-VaPUC |9 556802 | |
| 650 | 0 | |a Epístolas |9 321181 | |
| 650 | 7 | |a TESALONICENSES |2 CL-VaPUC |9 545519 | |
| 583 | |a last modification |c 20160407 22:06:00 |k Rodrigo Vera | ||
| 490 | 0 | |a Biblioteca de Estudios Bíblicos Minor, 9 | |
| 999 | |c 363254 |d 363252 | ||
| 952 | |0 0 |1 0 |3 erb |4 0 |6 227_810000000000000_VID_2006 |7 0 |8 A |9 475147 |a BIBTEO |b BIBTEO |i 5281202 |o 227.81 VID 2006 |p 5281202 |r 2025-01-17 |w 2019-11-24 |y BK |z Catalogado en:20160407 |k ICR | ||